[Event "Reykjavik op"]
[Site "Reykjavik"]
[Date "2023.04.01"]
[Round "6"]
[White "Mai, Alexander Oliver"]
[Black "Sigurthorsson, Kristinn J"]
[Result "1-0"]
[WhiteElo "2141"]
[BlackElo "1808"]
[PlyCount "43"]
[EventDate "2023.03.29"]
[EventType "swiss"]
[EventRounds "9"]
[EventCountry "ISL"]
[SourceTitle "CBM 213 Extra"]
[Source "ChessBase"]
[SourceDate "2023.05.31"]
[SourceVersion "1"]
[SourceVersionDate "2023.05.31"]
[SourceQuality "1"]

1. e4 d6 2. d4 Nf6 3. Nc3 c6 4. f4 g6 5. Nf3 Bg7 6. Bd3 0-0 7. 0-0 Nbd7 8. e5 dxe5 9. fxe5 Nd5 10. Nxd5 cxd5 11. Qe1 Nb8 12. Qh4 Nc6 13. Bh6 f6 14. c3 Qb6 15. Rf2 Bd7 16. Raf1 Nd8 17. exf6 exf6 18. Ne5 Be8 19. Ng4 f5 20. Qe7 Ne6 21. Bxg7 Nxg7 22. Nh6+ 1-0

[Event "Reykjavik Kvika op"]
[Site "Reykjavik"]
[Date "2022.04.11"]
[Round "8"]
[White "Sigurthorsson, Kristinn J"]
[Black "Hreinsson, Johann Helgi"]
[Result "1-0"]
[WhiteElo "1818"]
[BlackElo "1406"]
[PlyCount "49"]
[EventDate "2022.04.06"]
[EventType "swiss"]
[EventRounds "9"]
[EventCountry "ISL"]
[SourceTitle "CBM 207 Extra"]
[Source "ChessBase"]
[SourceDate "2022.05.31"]
[SourceVersion "1"]
[SourceVersionDate "2022.05.31"]
[SourceQuality "1"]

1. e4 e6 2. d4 d5 3. e5 c5 4. c3 Qb6 5. Nf3 Nc6 6. Bd3 Bd7 7. 0-0 cxd4 8. cxd4 Nxd4 9. Nxd4 Qxd4 10. Nc3 Qxe5 11. Re1 Qb8 12. Nxd5 Bd6 13. Qh5 Ne7 14. Nxe7 Bxe7 15. Bb5 Qc7 16. Rxe6 Bxb5 17. Qxb5+ Qd7 18. Qxd7+ Kxd7 19. Re4 Bf6 20. Bf4 Rad8 21. Rc1 Rhe8 22. Rd1+ Kc6 23. Rd6+ Kc5 24. b3 b5 25. b4# 1-0

[Event "Reykjavik Kvika op"]
[Site "Reykjavik"]
[Date "2022.04.09"]
[Round "5"]
[White "Helgadottir, Idunn"]
[Black "Sigurthorsson, Kristinn J"]
[Result "1-0"]
[WhiteElo "1540"]
[BlackElo "1818"]
[PlyCount "131"]
[EventDate "2022.04.06"]
[EventType "swiss"]
[EventRounds "9"]
[EventCountry "ISL"]
[SourceTitle "CBM 207 Extra"]
[Source "ChessBase"]
[SourceDate "2022.05.31"]
[SourceVersion "1"]
[SourceVersionDate "2022.05.31"]
[SourceQuality "1"]

1. d4 Nf6 2. Nf3 g6 3. c4 Bg7 4. Nc3 d5 5. Bf4 a6 6. e3 0-0 7. Be2 c6 8. 0-0 Nh5 9. Be5 Nf6 10. Rc1 b5 11. cxb5 cxb5 12. Qb3 Bg4 13. Bxf6 Bxf6 14. Nxd5 Bg7 15. Nf4 Nd7 16. h3 Bf5 17. a4 Rb8 18. Rc6 bxa4 19. Qxa4 Rxb2 20. Bxa6 Nb8 21. Rc3 Nxa6 22. Qxa6 Be4 23. Ne6 Qa8 24. Qxa8 Rxa8 25. Nfg5 Bb7 26. Nc5 Bd5 27. Rfc1 h6 28. Nge4 Raa2 29. Rd3 Rc2 30. Rxc2 Rxc2 31. Ra3 e5 32. Nc3 exd4 33. Nxd5 Rxc5 34. e4 f5 35. f3 Be5 36. Ra2 Bg3 37. Kf1 d3 38. Ra1 Rc2 39. Rd1 fxe4 40. Nf6+ Kf7 41. Nxe4 Bh4 42. Rxd3 Rc1+ 43. Ke2 Re1+ 44. Kd2 Rg1 45. g4 Be1+ 46. Kc2 Rg2+ 47. Kb3 Rh2 48. f4 Re2 49. Nd6+ Ke6 50. f5+ gxf5 51. Nxf5 Ke5 52. Rd7 Kf6 53. Rd6+ Re6 54. Rxe6+ Kxe6 55. Nxh6 Bd2 56. Nf5 Ke5 57. Kc2 Bg5 58. Kd3 Bc1 59. Nd4 Bh6 60. Nf5 Bc1 61. Ke2 Kf4 62. Kf2 Ba3 63. Ng7 Bc5+ 64. Kg2 Bd6 65. Nh5+ Ke3 66. g5 1-0

[Event "Reykjavik Kvika op"]
[Site "Reykjavik"]
[Date "2022.04.07"]
[Round "3"]
[White "Johannsson, Birkir Isak"]
[Black "Sigurthorsson, Kristinn J"]
[Result "1-0"]
[WhiteElo "2117"]
[BlackElo "1818"]
[PlyCount "47"]
[EventDate "2022.04.06"]
[EventType "swiss"]
[EventRounds "9"]
[EventCountry "ISL"]
[SourceTitle "CBM 207 Extra"]
[Source "ChessBase"]
[SourceDate "2022.05.31"]
[SourceVersion "1"]
[SourceVersionDate "2022.05.31"]
[SourceQuality "1"]

1. d4 d5 2. c4 c6 3. Nf3 Nf6 4. Nbd2 g6 5. e3 Bg7 6. b4 0-0 7. a4 a5 8. b5 c5 9. dxc5 Ne4 10. Nxe4 Bxa1 11. cxd5 Bf5 12. Ng3 Bc3+ 13. Bd2 Bxd2+ 14. Nxd2 Qxd5 15. e4 Qxc5 16. exf5 Rd8 17. fxg6 hxg6 18. Nge4 Qb4 19. Bc4 Nd7 20. 0-0 Nc5 21. Qf3 Ne6 22. Bxe6 fxe6 23. Qg4 Kg7 24. Nf3 1-0

[Event "Reykjavik Taflfelag op"]
[Site "Reykjavik"]
[Date "2019.11.26"]
[Round "7"]
[White "Sigurthorsson, Kristinn J"]
[Black "Sigurdsson, Sigurdur J"]
[Result "1-0"]
[WhiteElo "1788"]
[BlackElo "1472"]
[PlyCount "43"]
[EventDate "2019.10.16"]
[EventType "swiss"]
[EventRounds "7"]
[EventCountry "ISL"]
[SourceTitle "CBM 193 Extra"]
[Source "ChessBase"]
[SourceDate "2020.01.31"]
[SourceVersion "1"]
[SourceVersionDate "2020.01.31"]
[SourceQuality "1"]

1. e4 e5 2. Nc3 Nf6 3. f4 d5 4. Nf3 Bc5 5. fxe5 Nxe4 6. d4 Nxc3 7. bxc3 Be7 8. a4 Nd7 9. a5 a6 10. Bd3 Nf8 11. 0-0 Bg4 12. Qe1 Bh5 13. Ba3 Ne6 14. Qb1 Bxa3 15. Rxa3 c5 16. Qxb7 0-0 17. dxc5 Bxf3 18. Rxf3 Qg5 19. Ra1 Nxc5 20. Qxd5 Qe7 21. Raf1 Ne6 22. Rxf7 1-0

[Event "Reykjavik Taflfelag op"]
[Site "Reykjavik"]
[Date "2019.10.23"]
[Round "2"]
[White "Thorisson, Benedikt"]
[Black "Sigurthorsson, Kristinn J"]
[Result "1-0"]
[WhiteElo "1507"]
[BlackElo "1788"]
[PlyCount "57"]
[EventDate "2019.10.16"]
[EventType "swiss"]
[EventRounds "7"]
[EventCountry "ISL"]
[SourceTitle "CBM 193 Extra"]
[Source "ChessBase"]
[SourceDate "2020.01.31"]
[SourceVersion "1"]
[SourceVersionDate "2020.01.31"]
[SourceQuality "1"]

1. e4 a6 2. d4 d6 3. Nc3 g6 4. Be3 Bg7 5. f3 Nf6 6. Qd2 h5 7. 0-0-0 c6 8. Kb1 0-0 9. h3 b5 10. Bh6 b4 11. Na4 Bd7 12. Bxg7 Kxg7 13. Qxb4 c5 14. dxc5 Nc6 15. Qb6 Qc8 16. cxd6 e5 17. Nc5 Nd4 18. Qc7 Qe8 19. Bxa6 Rxa6 20. Nxa6 Qa8 21. Rxd4 exd4 22. Qc4 Be6 23. Qb5 Rc8 24. b3 Bd7 25. Qd3 Qa7 26. Ne2 Rc6 27. Nb4 Rc8 28. Qxd4 Qxd4 29. Nxd4 1-0

[Event "Reykjavik Faxaven op"]
[Site "Reykjavik"]
[Date "2018.04.04"]
[Round "3"]
[White "Sigurthorsson, Kristinn J"]
[Black "Arnalds, Stefan"]
[Result "1-0"]
[WhiteElo "1744"]
[BlackElo "1999"]
[PlyCount "85"]
[EventDate "2018.03.21"]
[EventType "swiss"]
[EventRounds "7"]
[EventCountry "ISL"]
[SourceTitle "EXT 2019"]
[Source "ChessBase"]
[SourceDate "2018.10.10"]
[SourceVersion "1"]
[SourceVersionDate "2018.10.10"]
[SourceQuality "1"]

1. e4 c5 2. Nc3 Nc6 3. f4 e6 4. Nf3 d5 5. exd5 exd5 6. Bb5 a6 7. Bxc6+ bxc6 8. 0-0 Nf6 9. Ne5 c4 10. Re1 Be7 11. Kh1 Qc7 12. Qf3 Bb7 13. d4 cxd3 14. cxd3 d4 15. Ne2 0-0 16. Bd2 c5 17. Qh3 Rad8 18. Rac1 Bc8 19. Qf3 Bb7 20. Qf2 Bd5 21. Ng1 Qb7 22. Ngf3 Bd6 23. b3 Rc8 24. Qg3 Nh5 25. Qg4 Nf6 26. Qg5 Ne8 27. Qg4 f6 28. Nc4 f5 29. Qh3 Rf6 30. Re2 Rh6 31. Qg3 Rg6 32. Ng5 h6 33. Rce1 Qd7 34. Nb6 Qc6 35. Nxc8 Nf6 36. Nxd6 hxg5 37. fxg5 f4 38. Bxf4 Nh5 39. Qh3 Bxg2+ 40. Qxg2 Qxg2+ 41. Rxg2 Nxf4 42. Re8+ Kh7 43. Nf7 1-0

[Event "ISL-chT2 1516"]
[Site "Reykjavik"]
[Date "2015.09.26"]
[Round "2.4"]
[White "Bjornsson, Eirikur K"]
[Black "Sigurthorsson, Kristinn J"]
[Result "1-0"]
[WhiteElo "1959"]
[BlackElo "1739"]
[PlyCount "89"]
[EventDate "2015.09.25"]
[EventType "team-tourn"]
[EventRounds "7"]
[EventCountry "ISL"]
[SourceTitle "EXT 2017"]
[Source "ChessBase"]
[SourceDate "2016.10.25"]
[SourceVersion "1"]
[SourceVersionDate "2016.10.25"]
[SourceQuality "1"]
[WhiteTeam "Reykjavik III"]
[BlackTeam "Borgarnes"]
[WhiteTeamCountry "ISL"]
[BlackTeamCountry "ISL"]

1. c4 c6 2. e4 d6 3. d4 g6 4. Nc3 Bg7 5. Nf3 Bg4 6. Be3 Nd7 7. Be2 Qa5 8. h3 Bxf3 9. Bxf3 Ngf6 10. 0-0 0-0 11. Rb1 a6 12. b4 Qc7 13. Qb3 Rac8 14. Rfc1 Qb8 15. a4 b5 16. Be2 bxc4 17. Bxc4 Qb7 18. Be2 e6 19. d5 cxd5 20. exd5 Nxd5 21. Nxd5 exd5 22. Bf3 Nf6 23. Rd1 Ne4 24. Bxe4 dxe4 25. Rxd6 Rc3 26. Qd5 Qc8 27. b5 axb5 28. axb5 Rd3 29. Qc6 Rxd6 30. Qxd6 Qc2 31. Rc1 Qb2 32. Qc5 h5 33. h4 Rb8 34. b6 Be5 35. Rc2 Qa1+ 36. Rc1 Qb2 37. g3 Bf6 38. Qc6 Be5 39. Qxe4 Kg7 40. Kg2 Bf6 41. Rc6 Rd8 42. Qc2 Qb5 43. Qc4 Qb2 44. Rc7 Rf8 45. Bc5 1-0

[Event "Reykjavik Skakmot op"]
[Site "Reykjavik"]
[Date "2015.05.06"]
[Round "6"]
[White "Sigurthorsson, Kristinn J"]
[Black "Sigurvaldason, Hjalmar"]
[Result "0-1"]
[WhiteElo "1749"]
[BlackElo "1450"]
[PlyCount "60"]
[EventDate "2015.03.25"]
[EventType "swiss"]
[EventRounds "7"]
[EventCountry "ISL"]
[SourceTitle "EXT 2016"]
[Source "ChessBase"]
[SourceDate "2015.10.08"]
[SourceVersion "1"]
[SourceVersionDate "2015.10.08"]
[SourceQuality "1"]

1. e4 c5 2. Nf3 Nc6 3. c3 d5 4. exd5 Qxd5 5. d4 cxd4 6. cxd4 Bg4 7. Be2 Nf6 8. Nc3 Qd8 9. d5 Bxf3 10. gxf3 Ne5 11. Bf4 Ned7 12. Nb5 Rc8 13. Rc1 Rxc1 14. Qxc1 Nxd5 15. Nc7+ Nxc7 16. Bxc7 Qc8 17. Bb5 a6 18. Bxd7+ Qxd7 19. 0-0 f6 20. Rd1 Qf5 21. Qc4 e6 22. Bd6 Kf7 23. Qc7+ Kg6 24. Qd8 Qxf3 25. Rc1 Bxd6 26. Qxh8 Bxh2+ 27. Kxh2 Qf4+ 28. Kg2 Qxc1 29. Qe8+ Kf5 30. Qh5+ Qg5+ 0-1